[Event "World Chess Olympiad 2018"]
[Site "Batumi"]
[Date "2018.09.24"]
[Round "1"]
[Board "2"]
[WhiteFideId "11200235"]
[White "Ayyad Maher"]
[BlackFideId "1612468"]
[Black "Diermair Andreas"]
[Result "0-1"]
[LiveChessVersion "1.4.8"]
[BlackElo "2501"]
[WhiteElo "2106"]

1. d4 {[%clk 1:30:37]} d5 {[%clk 1:30:52]} 2. Nf3 {[%clk 1:31:01]} Nf6
{[%clk 1:31:18]} 3. Bf4 {[%clk 1:31:05]} c5 {[%clk 1:31:31]} 4. e3
{[%clk 1:31:30]} Nc6 {[%clk 1:31:53]} 5. c3 {[%clk 1:31:40]} Qb6 {[%clk 1:32:09]}
6. Qb3 {[%clk 1:32:05]} c4 {[%clk 1:32:31]} 7. Qc2 {[%clk 1:32:30]} Bf5
{[%clk 1:32:52]} 8. Qc1 {[%clk 1:32:49]} Nh5 {[%clk 1:32:48]} 9. Bg3
{[%clk 1:26:03]} h6 {[%clk 1:27:03]} 10. Nbd2 {[%clk 1:24:41]} e6
{[%clk 1:24:32]} 11. Be2 {[%clk 1:21:43]} Nxg3 {[%clk 1:20:31]} 12. hxg3
{[%clk 1:22:10]} Be7 {[%clk 1:17:55]} 13. O-O {[%clk 1:18:46]} Qd8
{[%clk 1:13:00]} 14. Re1 {[%clk 1:18:44]} b5 {[%clk 1:09:48]} 15. Bd1
{[%clk 1:18:58]} O-O {[%clk 1:01:54]} 16. Bc2 {[%clk 1:17:51]} Rc8
{[%clk 0:57:13]} 17. e4 {[%clk 1:18:01]} dxe4 {[%clk 0:57:19]} 18. Bxe4
{[%clk 1:16:11]} Bxe4 {[%clk 0:57:37]} 19. Rxe4 {[%clk 1:14:25]} Bf6
{[%clk 0:53:55]} 20. Qc2 {[%clk 1:00:20]} Ne7 {[%clk 0:50:47]} 21. Nf1
{[%clk 0:59:24]} g6 {[%clk 0:42:00]} 22. Re2 {[%clk 0:52:48]} Qd6
{[%clk 0:35:43]} 23. Rd1 {[%clk 0:42:16]} Rfd8 {[%clk 0:34:53]} 24. Red2
{[%clk 0:35:42]} Nd5 {[%clk 0:33:04]} 25. Qe4 {[%clk 0:30:47]} b4
{[%clk 0:32:02]} 26. Rc2 {[%clk 0:24:47]} Qa6 {[%clk 0:29:42]} 27. Ne3
{[%clk 0:13:35]} Qxa2 {[%clk 0:27:47]} 28. Nxd5 {[%clk 0:12:58]} exd5
{[%clk 0:25:16]} 29. Qf4 {[%clk 0:12:55]} Kg7 {[%clk 0:17:42]} 30. cxb4
{[%clk 0:05:15]} Qb3 {[%clk 0:17:28]} 31. Qd2 {[%clk 0:04:38]} Be7
{[%clk 0:16:09]} 32. Ne5 {[%clk 0:02:17]} Bg5 {[%clk 0:09:39]} 33. Qc3
{[%clk 0:02:16]} Qa4 {[%clk 0:09:22]} 34. f4 {[%clk 0:00:38]} Be7
{[%clk 0:09:18]} 35. Rcc1 {[%clk 0:00:49]} Qxb4 {[%clk 0:09:07]} 36. Qc2
{[%clk 0:00:38]} Bf6 {[%clk 0:08:29]} 37. Ra1 {[%clk 0:00:38]} Qb6
{[%clk 0:07:45]} 38. Ra2 {[%clk 0:00:39]} Rc7 {[%clk 0:07:24]} 39. Qc3
{[%clk 0:00:40]} Rb8 {[%clk 0:05:38]} 40. Rda1 {[%clk 0:30:39]} Rcb7
{[%clk 0:32:25]} 41. Kh2 {[%clk 0:27:58]} Bxe5 {[%clk 0:22:45]} 42. fxe5
{[%clk 0:27:58]} Qe6 {[%clk 0:21:45]} 43. Rxa7 {[%clk 0:25:53]} Rb3
{[%clk 0:20:54]} 44. Qa5 {[%clk 0:25:21]} Qf5 {[%clk 0:12:46]} 45. Kg1
{[%clk 0:23:57]} Rxb2 {[%clk 0:12:32]} 46. Qe1 {[%clk 0:22:08]} 0-1

[Event "World Chess Olympiad 2018"]
[Site "Batumi"]
[Date "2018.09.24"]
[Round "1"]
[Board "3"]
[WhiteFideId "13601270"]
[White "Shengelia David"]
[BlackFideId "11200057"]
[Black "Al-Ghasra Ali"]
[Result "1-0"]
[LiveChessVersion "1.4.8"]
[BlackElo "2096"]
[WhiteElo "2512"]

1. d4 {[%clk 1:30:59]} Nf6 {[%clk 1:30:39]} 2. Nc3 {[%clk 1:31:20]} d5
{[%clk 1:29:28]} 3. Bf4 {[%clk 1:31:21]} e6 {[%clk 1:26:53]} 4. e3
{[%clk 1:30:10]} a6 {[%clk 1:24:34]} 5. Nf3 {[%clk 1:12:14]} c5 {[%clk 1:20:22]}
6. Be2 {[%clk 1:12:41]} b6 {[%clk 1:18:02]} 7. Ne5 {[%clk 1:12:30]} Bb7
{[%clk 1:18:12]} 8. O-O {[%clk 1:10:54]} Be7 {[%clk 1:17:42]} 9. Bf3
{[%clk 1:08:09]} Nbd7 {[%clk 1:14:38]} 10. Qe2 {[%clk 1:04:31]} O-O
{[%clk 1:07:46]} 11. Rad1 {[%clk 1:03:38]} Qc8 {[%clk 0:57:57]} 12. Bg5
{[%clk 0:59:09]} Re8 {[%clk 0:48:37]} 13. Na4 {[%clk 0:50:49]} Bd8
{[%clk 0:32:41]} 14. Nxd7 {[%clk 0:41:01]} Qxd7 {[%clk 0:25:44]} 15. b3
{[%clk 0:41:21]} Qc7 {[%clk 0:21:49]} 16. dxc5 {[%clk 0:39:54]} bxc5
{[%clk 0:21:38]} 17. c4 {[%clk 0:40:17]} Ne4 {[%clk 0:11:54]} 18. Bxe4
{[%clk 0:37:13]} dxe4 {[%clk 0:12:18]} 19. Bxd8 {[%clk 0:30:40]} Rexd8
{[%clk 0:12:27]} 20. Rxd8+ {[%clk 0:30:15]} Rxd8 {[%clk 0:12:55]} 21. Rd1
{[%clk 0:30:36]} Rd6 {[%clk 0:12:15]} 22. h3 {[%clk 0:30:17]} f5 {[%clk 0:05:20]}
23. Qe1 {[%clk 0:26:50]} Rd3 {[%clk 0:00:54]} 24. Nb2 {[%clk 0:17:25]} Rd6
{[%clk 0:00:37]} 25. Rxd6 {[%clk 0:15:51]} Qxd6 {[%clk 0:01:05]} 26. Qa5
{[%clk 0:16:13]} 1-0

[Event "World Chess Olympiad 2018"]
[Site "Batumi"]
[Date "2018.09.24"]
[Round "1"]
[Board "4"]
[WhiteFideId "11200596"]
[White "Bukhalaf Khalil"]
[BlackFideId "1621645"]
[Black "Schreiner Peter"]
[Result "0-1"]
[LiveChessVersion "1.4.8"]
[BlackElo "2463"]
[WhiteElo "1914"]

1. c4 {[%clk 1:30:53]} g6 {[%clk 1:30:35]} 2. Nc3 {[%clk 1:31:05]} c5
{[%clk 1:30:28]} 3. g3 {[%clk 1:31:16]} Bg7 {[%clk 1:30:39]} 4. Bg2
{[%clk 1:31:26]} Nc6 {[%clk 1:31:01]} 5. Rb1 {[%clk 1:27:56]} e6 {[%clk 1:26:48]}
6. a3 {[%clk 1:26:05]} Nge7 {[%clk 1:22:57]} 7. b4 {[%clk 1:04:31]} d6
{[%clk 1:20:14]} 8. Nf3 {[%clk 0:50:19]} O-O {[%clk 1:18:29]} 9. Qb3
{[%clk 0:48:05]} b6 {[%clk 1:06:56]} 10. O-O {[%clk 0:38:00]} Bb7
{[%clk 1:02:26]} 11. d3 {[%clk 0:28:36]} Rb8 {[%clk 0:52:36]} 12. Bb2
{[%clk 0:25:55]} Qd7 {[%clk 0:47:56]} 13. e3 {[%clk 0:16:12]} Ba8
{[%clk 0:38:16]} 14. Rfd1 {[%clk 0:14:07]} d5 {[%clk 0:31:16]} 15. cxd5
{[%clk 0:08:14]} exd5 {[%clk 0:30:55]} 16. Na4 {[%clk 0:08:10]} d4
{[%clk 0:27:52]} 17. exd4 {[%clk 0:03:43]} Nxd4 {[%clk 0:24:00]} 18. Nxd4
{[%clk 0:01:30]} Bxg2 {[%clk 0:22:54]} 19. Kxg2 {[%clk 0:01:54]} cxd4
{[%clk 0:21:07]} 20. Re1 {[%clk 0:02:17]} Nf5 {[%clk 0:15:01]} 21. Re2
{[%clk 0:00:53]} h5 {[%clk 0:12:28]} 22. h3 {[%clk 0:00:58]} Qb7+
{[%clk 0:08:41]} 23. Kh2 {[%clk 0:00:45]} Qf3 {[%clk 0:06:53]} 24. Qc2
{[%clk 0:00:35]} Rbc8 {[%clk 0:05:31]} 25. Qd2 {[%clk 0:00:48]} Bh6
{[%clk 0:05:20]} 26. Qe1 {[%clk 0:01:02]} Qxd3 {[%clk 0:04:20]} 27. Qd1
{[%clk 0:00:37]} Qf3 {[%clk 0:04:00]} 28. Rd2 {[%clk 0:00:35]} Qxd1
{[%clk 0:01:42]} 29. Rdxd1 {[%clk 0:01:04]} Rc2 {[%clk 0:01:40]} 30. Bxd4
{[%clk 0:00:31]} Nxd4 {[%clk 0:01:29]} 31. Rxd4 {[%clk 0:00:46]} Rxf2+
{[%clk 0:01:51]} 32. Kh1 {[%clk 0:00:39]} Rf3 {[%clk 0:01:47]} 33. Kg2
{[%clk 0:00:33]} Rxa3 {[%clk 0:02:07]} 34. b5 {[%clk 0:00:48]} Re8
{[%clk 0:02:02]} 0-1

[Event "World Chess Olympiad 2018"]
[Site "Batumi"]
[Date "2018.09.24"]
[Round "1"]
[Board "1"]
[WhiteFideId "7501013"]
[White "Bemmelen van Ursus"]
[BlackFideId "14204118"]
[Black "Abdusattorov Nodirbek"]
[Result "0-1"]
[LiveChessVersion "1.4.8"]
[BlackElo "2558"]
[WhiteElo "2152"]

1. c4 {[%clk 1:30:46]} Nf6 {[%clk 1:30:48]} 2. g3 {[%clk 1:30:48]} e6
{[%clk 1:30:08]} 3. Nf3 {[%clk 1:29:44]} d5 {[%clk 1:30:23]} 4. b3
{[%clk 1:29:34]} d4 {[%clk 1:29:02]} 5. Bg2 {[%clk 1:28:17]} c5 {[%clk 1:28:05]}
6. d3 {[%clk 1:24:33]} Nc6 {[%clk 1:26:31]} 7. O-O {[%clk 1:21:15]} Bd6
{[%clk 1:25:43]} 8. e3 {[%clk 1:20:14]} O-O {[%clk 1:25:33]} 9. exd4
{[%clk 1:14:10]} cxd4 {[%clk 1:25:42]} 10. Na3 {[%clk 1:13:34]} e5
{[%clk 1:23:51]} 11. Nc2 {[%clk 1:11:43]} a5 {[%clk 1:23:31]} 12. a3
{[%clk 1:10:32]} Bf5 {[%clk 1:22:19]} 13. Re1 {[%clk 1:08:20]} Re8
{[%clk 1:21:10]} 14. Nh4 {[%clk 1:00:47]} Bg4 {[%clk 1:20:02]} 15. Bf3
{[%clk 0:57:08]} Bxf3 {[%clk 1:09:40]} 16. Nxf3 {[%clk 0:47:56]} Nd7
{[%clk 1:06:07]} 17. Rb1 {[%clk 0:44:57]} Rb8 {[%clk 1:02:03]} 18. b4
{[%clk 0:43:19]} axb4 {[%clk 1:02:19]} 19. axb4 {[%clk 0:43:12]} b5
{[%clk 1:02:03]} 20. Ng5 {[%clk 0:28:35]} Nf6 {[%clk 1:00:24]} 21. Qf3
{[%clk 0:15:01]} Qd7 {[%clk 0:57:40]} 22. c5 {[%clk 0:15:17]} Bf8
{[%clk 0:55:04]} 23. Bd2 {[%clk 0:15:40]} Nd5 {[%clk 0:53:58]} 24. Qe4
{[%clk 0:12:41]} f5 {[%clk 0:53:05]} 25. Qh4 {[%clk 0:12:44]} h6 {[%clk 0:52:56]}
26. Nf3 {[%clk 0:12:47]} g5 {[%clk 0:50:20]} 27. Qh5 {[%clk 0:11:09]} Qf7
{[%clk 0:49:13]} 28. Qxf7+ {[%clk 0:11:36]} Kxf7 {[%clk 0:49:35]} 29. Ra1
{[%clk 0:11:37]} Nc7 {[%clk 0:45:12]} 30. Ra3 {[%clk 0:09:31]} Bg7
{[%clk 0:44:53]} 31. h3 {[%clk 0:01:57]} e4 {[%clk 0:42:49]} 32. Nh2
{[%clk 0:02:17]} Ra8 {[%clk 0:42:48]} 33. Rea1 {[%clk 0:00:52]} Rxa3
{[%clk 0:41:12]} 34. Rxa3 {[%clk 0:01:10]} Nd5 {[%clk 0:40:48]} 35. Ra6
{[%clk 0:00:36]} exd3 {[%clk 0:39:20]} 36. Ne1 {[%clk 0:00:40]} Ncxb4
{[%clk 0:37:59]} 37. Ra5 {[%clk 0:00:33]} Nc3 {[%clk 0:37:39]} 38. Kf1
{[%clk 0:00:40]} Re2 {[%clk 0:36:39]} 0-1

[Event "World Chess Olympiad 2018"]
[Site "Batumi"]
[Date "2018.09.24"]
[Round "1"]
[Board "2"]
[WhiteFideId "14203987"]
[White "Yakubboev Nodirbek"]
[BlackFideId "7501005"]
[Black "Capella Rurik"]
[Result "1-0"]
[LiveChessVersion "1.4.8"]
[BlackElo "1979"]
[WhiteElo "2521"]

1. Nc3 {[%clk 1:30:38]} Nf6 {[%clk 1:30:26]} 2. d4 {[%clk 1:26:22]} g6
{[%clk 1:29:54]} 3. e4 {[%clk 1:24:01]} d6 {[%clk 1:27:33]} 4. Bg5
{[%clk 1:19:25]} Bg7 {[%clk 1:26:30]} 5. Qd2 {[%clk 1:19:01]} h6 {[%clk 1:23:27]}
6. Bf4 {[%clk 1:11:38]} g5 {[%clk 1:21:26]} 7. Be3 {[%clk 1:07:13]} Ng4
{[%clk 1:20:49]} 8. Bc4 {[%clk 1:05:58]} Nc6 {[%clk 1:14:48]} 9. Nge2
{[%clk 1:04:36]} a6 {[%clk 1:01:46]} 10. Ng3 {[%clk 0:57:48]} Na5
{[%clk 0:44:29]} 11. Be2 {[%clk 0:55:58]} Nxe3 {[%clk 0:43:57]} 12. fxe3
{[%clk 0:54:51]} b5 {[%clk 0:35:56]} 13. O-O {[%clk 0:50:49]} O-O
{[%clk 0:31:57]} 14. Rf2 {[%clk 0:41:36]} Be6 {[%clk 0:26:45]} 15. Raf1
{[%clk 0:38:19]} c5 {[%clk 0:21:29]} 16. Nd5 {[%clk 0:36:02]} Nc4
{[%clk 0:08:23]} 17. Bxc4 {[%clk 0:36:06]} bxc4 {[%clk 0:08:51]} 18. Nf5
{[%clk 0:35:43]} Bxf5 {[%clk 0:05:03]} 19. exf5 {[%clk 0:33:37]} cxd4
{[%clk 0:02:54]} 20. exd4 {[%clk 0:31:59]} Rb8 {[%clk 0:01:42]} 21. h4
{[%clk 0:22:10]} f6 {[%clk 0:01:01]} 22. c3 {[%clk 0:20:16]} Rb5 {[%clk 0:01:29]}
23. Qe2 {[%clk 0:20:27]} Rxd5 {[%clk 0:01:43]} 24. Qe6+ {[%clk 0:20:48]} Kh7
{[%clk 0:01:35]} 25. Qxd5 {[%clk 0:21:15]} Qc7 {[%clk 0:00:46]} 26. Re2
{[%clk 0:21:32]} Rg8 {[%clk 0:00:39]} 27. Rfe1 {[%clk 0:21:15]} Bf8
{[%clk 0:00:31]} 28. Qf7+ {[%clk 0:21:35]} Kh8 {[%clk 0:00:59]} 29. Rxe7
{[%clk 0:21:40]} 1-0

[Event "World Chess Olympiad 2018"]
[Site "Batumi"]
[Date "2018.09.24"]
[Round "1"]
[Board "3"]
[WhiteFideId "7500041"]
[White "Izijk Jimmy"]
[BlackFideId "14200287"]
[Black "Khoroshev Nikita"]
[Result "0-1"]
[LiveChessVersion "1.4.8"]
[BlackElo "2416"]
[WhiteElo "1995"]

1. d4 {[%clk 1:30:42]} Nf6 {[%clk 1:30:40]} 2. Nf3 {[%clk 1:30:53]} g6
{[%clk 1:31:00]} 3. c4 {[%clk 1:30:52]} Bg7 {[%clk 1:31:23]} 4. Nc3
{[%clk 1:31:04]} O-O {[%clk 1:31:35]} 5. g3 {[%clk 1:31:03]} d6 {[%clk 1:31:21]}
6. Bg2 {[%clk 1:31:16]} Nc6 {[%clk 1:31:42]} 7. O-O {[%clk 1:28:44]} Bf5
{[%clk 1:32:04]} 8. d5 {[%clk 1:16:17]} Na5 {[%clk 1:30:19]} 9. Nd4
{[%clk 1:16:33]} Bd7 {[%clk 1:30:33]} 10. Qd3 {[%clk 1:14:21]} c5
{[%clk 1:30:54]} 11. Nc2 {[%clk 1:09:58]} a6 {[%clk 1:29:19]} 12. b3
{[%clk 1:06:24]} Rb8 {[%clk 1:19:29]} 13. Rb1 {[%clk 1:03:17]} b5
{[%clk 1:17:13]} 14. Bd2 {[%clk 0:58:38]} Qc7 {[%clk 0:55:29]} 15. Ne4
{[%clk 0:56:10]} Nxe4 {[%clk 0:50:44]} 16. Bxe4 {[%clk 0:56:34]} Rb7
{[%clk 0:51:04]} 17. Bc3 {[%clk 0:48:09]} Bxc3 {[%clk 0:40:44]} 18. Qxc3
{[%clk 0:48:36]} Rfb8 {[%clk 0:41:08]} 19. Ne3 {[%clk 0:48:32]} bxc4
{[%clk 0:40:52]} 20. bxc4 {[%clk 0:31:55]} Rxb1 {[%clk 0:40:33]} 21. Rxb1
{[%clk 0:29:44]} Rxb1+ {[%clk 0:39:53]} 22. Bxb1 {[%clk 0:30:12]} Qb6
{[%clk 0:40:13]} 23. Bd3 {[%clk 0:30:00]} Qb4 {[%clk 0:39:37]} 24. Qxb4
{[%clk 0:18:34]} cxb4 {[%clk 0:40:06]} 25. Nc2 {[%clk 0:14:21]} b3
{[%clk 0:40:18]} 26. axb3 {[%clk 0:13:15]} Nxb3 {[%clk 0:40:40]} 27. Kf1
{[%clk 0:12:58]} Kf8 {[%clk 0:34:52]} 28. Ke1 {[%clk 0:13:20]} Ke8
{[%clk 0:33:11]} 29. Na3 {[%clk 0:12:10]} Kd8 {[%clk 0:32:36]} 30. Bc2
{[%clk 0:12:05]} Nc5 {[%clk 0:32:28]} 31. Kd2 {[%clk 0:12:26]} Kc7
{[%clk 0:32:03]} 32. Kc3 {[%clk 0:12:45]} Kb6 {[%clk 0:32:29]} 33. Nb1
{[%clk 0:10:40]} a5 {[%clk 0:17:04]} 34. Na3 {[%clk 0:09:44]} Bg4
{[%clk 0:17:03]} 35. f3 {[%clk 0:09:11]} Bd7 {[%clk 0:16:01]} 36. Nb1
{[%clk 0:09:30]} Na6 {[%clk 0:14:51]} 37. Nd2 {[%clk 0:09:22]} h6
{[%clk 0:14:55]} 38. Nb1 {[%clk 0:08:59]} g5 {[%clk 0:11:35]} 39. Nd2
{[%clk 0:08:35]} a4 {[%clk 0:09:08]} 40. Nb1 {[%clk 0:38:32]} Kc5
{[%clk 0:36:43]} 41. Nd2 {[%clk 0:38:27]} Kb6 {[%clk 0:34:28]} 42. Nb1
{[%clk 0:38:45]} f5 {[%clk 0:34:26]} 43. Nd2 {[%clk 0:36:22]} f4 {[%clk 0:33:28]}
44. gxf4 {[%clk 0:35:32]} gxf4 {[%clk 0:33:56]} 45. Ne4 {[%clk 0:35:17]} a3
{[%clk 0:30:18]} 46. Bb1 {[%clk 0:34:58]} Bf5 {[%clk 0:29:35]} 47. Kb3
{[%clk 0:33:22]} Bxe4 {[%clk 0:29:52]} 48. fxe4 {[%clk 0:30:43]} Kc5
{[%clk 0:28:28]} 49. Bd3 {[%clk 0:30:07]} Nb4 {[%clk 0:28:02]} 0-1

[Event "World Chess Olympiad 2018"]
[Site "Batumi"]
[Date "2018.09.24"]
[Round "1"]
[Board "4"]
[WhiteFideId "14200104"]
[White "Iuldachev Saidali"]
[BlackFideId "7500564"]
[Black "Pietersz David"]
[Result "1-0"]
[LiveChessVersion "1.4.8"]
[BlackElo "1831"]
[WhiteElo "2445"]

1. e4 {[%clk 1:30:58]} d5 {[%clk 1:30:47]} 2. exd5 {[%clk 1:31:20]} Nf6
{[%clk 1:30:59]} 3. c4 {[%clk 1:28:39]} c6 {[%clk 1:30:26]} 4. Nc3
{[%clk 1:28:57]} cxd5 {[%clk 1:26:59]} 5. d4 {[%clk 1:29:10]} Nc6
{[%clk 1:25:35]} 6. Nf3 {[%clk 1:29:31]} e6 {[%clk 1:23:54]} 7. c5
{[%clk 1:29:48]} Be7 {[%clk 1:20:16]} 8. Bb5 {[%clk 1:27:43]} O-O
{[%clk 1:15:13]} 9. O-O {[%clk 1:25:48]} Qc7 {[%clk 1:13:05]} 10. Re1
{[%clk 1:24:44]} Bd7 {[%clk 1:10:34]} 11. Bg5 {[%clk 1:23:07]} b6
{[%clk 0:45:57]} 12. Bxc6 {[%clk 1:12:42]} Bxc6 {[%clk 0:46:12]} 13. b4
{[%clk 1:12:58]} bxc5 {[%clk 0:41:28]} 14. bxc5 {[%clk 1:13:09]} Ne4
{[%clk 0:38:14]} 15. Bxe7 {[%clk 1:12:25]} Qxe7 {[%clk 0:35:53]} 16. Qc2
{[%clk 1:10:07]} Rfc8 {[%clk 0:34:28]} 17. Ne5 {[%clk 1:08:23]} Nf6
{[%clk 0:30:35]} 18. Rab1 {[%clk 1:04:11]} Qc7 {[%clk 0:22:55]} 19. a4
{[%clk 0:58:17]} Qa5 {[%clk 0:13:18]} 20. Nb5 {[%clk 0:49:27]} Bxb5
{[%clk 0:12:52]} 21. axb5 {[%clk 0:49:34]} Qc7 {[%clk 0:11:42]} 22. Qa4
{[%clk 0:44:25]} Nd7 {[%clk 0:10:33]} 23. b6 {[%clk 0:39:42]} Nxc5
{[%clk 0:08:10]} 24. dxc5 {[%clk 0:37:24]} axb6 {[%clk 0:08:30]} 25. cxb6
{[%clk 0:37:13]} Rxa4 {[%clk 0:04:50]} 26. bxc7 {[%clk 0:37:33]} Ra7
{[%clk 0:04:57]} 27. Rec1 {[%clk 0:37:27]} f6 {[%clk 0:00:43]} 28. Rb8
{[%clk 0:37:31]} 1-0

[Event "World Chess Olympiad 2018"]
[Site "Batumi"]
[Date "2018.09.24"]
[Round "1"]
[Board "1"]
[WhiteFideId "13701525"]
[White "Ismagambetov Anuar"]
[BlackFideId "3100197"]
[Black "Almedina Ortiz Edgardo J."]
[Result "1-0"]
[LiveChessVersion "1.4.8"]
[BlackElo "2216"]
[WhiteElo "2538"]

1. e4 {[%clk 1:30:43]} e5 {[%clk 1:30:03]} 2. Nf3 {[%clk 1:31:07]} Nf6
{[%clk 1:29:34]} 3. Nxe5 {[%clk 1:30:51]} d6 {[%clk 1:29:53]} 4. Nf3
{[%clk 1:31:17]} Nxe4 {[%clk 1:30:16]} 5. Bd3 {[%clk 1:31:43]} Nc5
{[%clk 1:21:51]} 6. Be2 {[%clk 1:31:36]} d5 {[%clk 1:22:08]} 7. d4
{[%clk 1:30:23]} Ne4 {[%clk 1:21:09]} 8. O-O {[%clk 1:30:30]} Be7
{[%clk 1:20:54]} 9. c4 {[%clk 1:26:22]} O-O {[%clk 1:15:51]} 10. Nc3
{[%clk 1:20:04]} c6 {[%clk 0:48:53]} 11. Qb3 {[%clk 1:09:23]} dxc4
{[%clk 0:40:02]} 12. Bxc4 {[%clk 1:09:03]} Nd6 {[%clk 0:40:19]} 13. Bd3
{[%clk 1:08:57]} Nd7 {[%clk 0:27:36]} 14. Re1 {[%clk 1:04:13]} Nf6
{[%clk 0:24:45]} 15. Bf4 {[%clk 0:59:19]} Re8 {[%clk 0:20:56]} 16. Ng5
{[%clk 0:48:48]} h6 {[%clk 0:16:02]} 17. Nf3 {[%clk 0:35:40]} Bf5
{[%clk 0:07:51]} 18. Bxf5 {[%clk 0:27:05]} Nxf5 {[%clk 0:08:17]} 19. Qxb7
{[%clk 0:27:28]} Qb6 {[%clk 0:06:05]} 20. Qxb6 {[%clk 0:27:14]} axb6
{[%clk 0:06:33]} 21. h3 {[%clk 0:25:49]} Bb4 {[%clk 0:06:51]} 22. g4
{[%clk 0:23:52]} Ne7 {[%clk 0:06:59]} 23. Be5 {[%clk 0:22:42]} Nfd5
{[%clk 0:06:12]} 24. Nxd5 {[%clk 0:22:33]} Nxd5 {[%clk 0:05:32]} 25. Rec1
{[%clk 0:22:19]} f6 {[%clk 0:05:45]} 26. Bg3 {[%clk 0:22:24]} Re2
{[%clk 0:05:12]} 27. a3 {[%clk 0:22:14]} Bf8 {[%clk 0:05:00]} 28. Rab1
{[%clk 0:22:27]} c5 {[%clk 0:03:46]} 29. Kf1 {[%clk 0:21:52]} Re4
{[%clk 0:03:47]} 30. dxc5 {[%clk 0:21:28]} bxc5 {[%clk 0:04:16]} 31. Nd2
{[%clk 0:20:49]} Re6 {[%clk 0:04:01]} 32. Rc2 {[%clk 0:20:23]} Ra7
{[%clk 0:02:28]} 33. Re1 {[%clk 0:16:56]} Rae7 {[%clk 0:02:42]} 34. Rxe6
{[%clk 0:17:04]} Rxe6 {[%clk 0:03:08]} 35. Nc4 {[%clk 0:16:29]} Re4
{[%clk 0:02:04]} 36. b3 {[%clk 0:15:56]} Re6 {[%clk 0:01:36]} 37. Re2
{[%clk 0:13:45]} Kf7 {[%clk 0:01:57]} 38. Rxe6 {[%clk 0:13:32]} Kxe6
{[%clk 0:02:26]} 39. Ke2 {[%clk 0:14:02]} f5 {[%clk 0:02:08]} 40. gxf5+
{[%clk 0:43:20]} Kxf5 {[%clk 0:32:36]} 41. Ne3+ {[%clk 0:43:36]} Ke6
{[%clk 0:27:34]} 42. Nxd5 {[%clk 0:41:43]} Kxd5 {[%clk 0:28:01]} 43. Kd3
{[%clk 0:42:04]} Be7 {[%clk 0:27:43]} 44. f3 {[%clk 0:41:35]} g6 {[%clk 0:27:53]}
45. Bc7 {[%clk 0:41:03]} h5 {[%clk 0:17:49]} 46. a4 {[%clk 0:41:05]} Bh4
{[%clk 0:17:34]} 47. Bb6 {[%clk 0:38:33]} Kc6 {[%clk 0:17:40]} 48. Ba5
{[%clk 0:38:57]} Kd5 {[%clk 0:17:50]} 49. Bd2 {[%clk 0:39:19]} Bd8
{[%clk 0:17:36]} 50. a5 {[%clk 0:39:40]} Bc7 {[%clk 0:17:19]} 51. a6
{[%clk 0:39:28]} Bb6 {[%clk 0:16:35]} 52. Ba5 {[%clk 0:39:02]} Ba7
{[%clk 0:17:01]} 53. Bd8 {[%clk 0:38:14]} Kc6 {[%clk 0:16:07]} 54. Kc4
{[%clk 0:38:36]} Bb8 {[%clk 0:16:29]} 55. Be7 {[%clk 0:38:06]} Ba7
{[%clk 0:16:56]} 56. Bf8 {[%clk 0:38:06]} Bb6 {[%clk 0:15:58]} 57. Bh6
{[%clk 0:38:05]} 1-0

[Event "World Chess Olympiad 2018"]
[Site "Batumi"]
[Date "2018.09.24"]
[Round "1"]
[Board "2"]
[WhiteFideId "3100022"]
[White "Sosa Trani Luis A."]
[BlackFideId "13700316"]
[Black "Kazhgaleyev Murtas"]
[Result "0-1"]
[LiveChessVersion "1.4.8"]
[BlackElo "2582"]
[WhiteElo "2054"]

1. e4 {[%clk 1:30:01]} e5 {[%clk 1:30:47]} 2. Nf3 {[%clk 1:30:27]} Nc6
{[%clk 1:31:07]} 3. Bb5 {[%clk 1:30:52]} a6 {[%clk 1:31:32]} 4. Bxc6
{[%clk 1:30:46]} dxc6 {[%clk 1:31:42]} 5. O-O {[%clk 1:31:11]} Qf6
{[%clk 1:26:43]} 6. d4 {[%clk 1:30:06]} exd4 {[%clk 1:27:05]} 7. Qxd4
{[%clk 1:29:00]} Qxd4 {[%clk 1:22:54]} 8. Nxd4 {[%clk 1:29:29]} Bd7
{[%clk 1:22:23]} 9. Nc3 {[%clk 1:25:58]} O-O-O {[%clk 1:22:32]} 10. Be3
{[%clk 1:25:05]} g6 {[%clk 1:18:10]} 11. Rad1 {[%clk 0:59:39]} Bg7
{[%clk 1:15:16]} 12. Nb3 {[%clk 0:53:28]} b6 {[%clk 1:14:30]} 13. Bd4
{[%clk 0:53:50]} f6 {[%clk 1:14:20]} 14. Rfe1 {[%clk 0:53:06]} c5
{[%clk 1:09:51]} 15. Be3 {[%clk 0:53:24]} Ne7 {[%clk 1:09:14]} 16. Bf4
{[%clk 0:43:04]} g5 {[%clk 1:05:21]} 17. Bg3 {[%clk 0:41:54]} Bc6
{[%clk 0:59:59]} 18. f3 {[%clk 0:34:21]} f5 {[%clk 0:55:10]} 19. exf5
{[%clk 0:26:53]} Nxf5 {[%clk 0:55:19]} 20. Bf2 {[%clk 0:26:29]} a5
{[%clk 0:51:56]} 21. Rxd8+ {[%clk 0:16:06]} Rxd8 {[%clk 0:51:33]} 22. Rd1
{[%clk 0:15:09]} a4 {[%clk 0:50:29]} 23. Rxd8+ {[%clk 0:13:10]} Kxd8
{[%clk 0:50:53]} 24. Nd2 {[%clk 0:08:31]} a3 {[%clk 0:51:15]} 0-1